| 000 | 00435nam a22001817a 4500 | ||
|---|---|---|---|
| 003 | CEME | ||
| 005 | 20210628203443.0 | ||
| 008 | 210129b xxu||||| |||| 00| 0 eng d | ||
| 020 | _a969-35-1039-9 | ||
| 040 | _c. | ||
| 082 | _a928.5491 INT | ||
| 100 |
_aIntiazar Hussain _965569 |
||
| 245 | _aCharagon ka dhooan | ||
| 260 |
_aLAHORE _bSANG-E-MEEL _c1999 |
||
| 300 | _a361P | ||
| 650 |
_aURDU ADAB-SWANEH _965570 |
||
| 942 |
_cBK _2ddc |
||
| 999 |
_c573734 _d573734 |
||